|
|
|
|
| LEADER |
01688nam a2200313 a 4500 |
| 001 |
4396940 |
| 008 |
101012s2009 njua b 001 0 eng d |
| 010 |
|
|
|a 92034093
|
| 020 |
|
|
|a 9788177585605
|
| 020 |
|
|
|a 0130151572
|
| 040 |
|
|
|a DLC
|c DLC
|d DLC
|d BD-DhAAL
|
| 082 |
0 |
0 |
|a 006.4/54
|2 20
|
| 100 |
1 |
|
|a Rabiner, Lawrence R.,
|d 1943-
|
| 245 |
1 |
0 |
|a Fundamentals of speech recognition /
|c Lawrence Rabiner, Biing-Hwang Juang, B. Yegnanarayana
|
| 260 |
|
|
|a Englewood Cliffs, N.J. :
|b PTR Prentice Hall ;
|a New Delhi :
|b Pearson Education/Dorling Kindersley (India),
|c c2009.
|
| 300 |
|
|
|a xxix, 497 p. :
|b ill. ;
|c 25 cm.
|
| 490 |
0 |
|
|a Prentice Hall signal processing series
|
| 504 |
|
|
|a Includes bibliographical references and index.
|
| 541 |
1 |
|
|e 00021273
|
| 650 |
|
0 |
|a Automatic speech recognition.
|
| 650 |
|
0 |
|a Speech processing systems.
|
| 700 |
1 |
|
|a Juang, B. H.
|q (Biing-Hwang)
|
| 700 |
1 |
|
|a Yegnanarayana, B.
|
| 852 |
4 |
|
|a Ayesha Abed Library
|j General Shelf.
|
| 999 |
|
|
|c 9769
|d 9769
|
| 952 |
|
|
|0 0
|1 0
|2 ddc
|4 0
|6 006_454000000000000_RAB_2009
|7 0
|9 12439
|a BRACUL
|b BRACUL
|c GEN
|d 2010-10-13
|g 472.50
|l 3
|m 8
|o 006.454 RAB
|p 3010021273
|r 2024-05-29
|s 2024-04-03
|t 1
|w 2010-10-13
|y BK
|
| 952 |
|
|
|0 0
|1 0
|2 ddc
|4 0
|6 006_454000000000000_RAB_2009
|7 0
|9 12440
|a BRACUL
|b BRACUL
|c GEN
|d 2010-10-13
|l 2
|m 17
|o 006.454 RAB
|p 3010018080
|r 2024-05-16
|s 2024-01-27
|t 2
|w 2010-10-13
|y BK
|
| 952 |
|
|
|0 0
|1 0
|2 ddc
|4 0
|6 006_454000000000000_RAB_2009
|7 0
|9 13092
|a BRACUL
|b BRACUL
|c GEN
|d 2010-11-06
|l 1
|m 22
|o 006.454 RAB
|p 3010018081
|r 2024-09-02
|s 2024-01-17
|t 3
|w 2010-11-06
|y BK
|
| 952 |
|
|
|0 0
|1 0
|2 ddc
|4 0
|6 006_454000000000000_RAB_2009
|7 0
|9 13093
|a BRACUL
|b BRACUL
|c GEN
|d 2010-11-06
|l 4
|m 6
|o 006.454 RAB
|p 3010018082
|r 2024-11-09
|s 2024-11-03
|t 4
|w 2010-11-06
|y BK
|